| 000 | 02684cam a2200385 i 4500 | ||
|---|---|---|---|
| 001 | 18337903 | ||
| 005 | 20230901105259.0 | ||
| 008 | 141017s2015 nyu 000 1 eng | ||
| 010 | _a 2014034048 | ||
| 020 | _a9781250041210 (hardcover) | ||
| 020 | _z9781250041227 (ebook) | ||
| 040 |
_aDLC _beng _cKMU _dKMU _erda |
||
| 042 | _apcc | ||
| 050 | 0 | 0 | _aPR 6113.B48 L54 |
| 100 | 1 | _aMcBeth, Colette. | |
| 245 | 1 | 4 |
_aThe life I left behind / _cColette McBeth. |
| 250 | _aFirst U.S. edition. | ||
| 264 | 1 |
_aNew York : _bMinotaur Books, _c2015. |
|
| 300 |
_a343 pages ; _c25 cm |
||
| 336 |
_atext _2rdacontent |
||
| 337 |
_aunmediated _2rdamedia |
||
| 338 |
_avolume _2rdacarrier |
||
| 520 |
_a"Six years ago, Melody Pieterson was attacked and left for dead. Only a chance encounter with a dog walker saved her life. Melody's neighbor and close friend David Alden was found guilty of the crime and imprisoned, and the attack and David's betrayal of her friendship left Melody a different person. She no longer trusts her own judgment, she no longer trusts her friends. In fact, she no longer really has any friends. She's built a life behind walls and gates and security codes; she's cloistered herself away from the world almost entirely. And then, soon after David is released from prison, Eve Elliot is murdered in an attack almost identical to Melody's. With the start of a new police investigation, Melody is suddenly pulled from her ordered, secluded life and back into the messy world around her. But as she learns more about Eve's murder, Melody starts to wonder if perhaps David hadn't betrayed her after all...if perhaps the killer is someone else entirely, someone who's still out there, preparing to strike again. Narrated alternately by Melody and by Eve's lingering ghost, The Life I Left Behind is a taut thriller and an intimate look at two young women bound together in ways neither of them could ever have predicted. Colette McBeth has proven once again that she is a master of suspense"-- _cProvided by publisher. |
||
| 650 | 0 |
_aWomen detectives _vFiction. |
|
| 650 | 0 |
_aMurder _xInvestigation _vFiction. |
|
| 650 | 0 |
_aFuture life _vFiction. |
|
| 650 | 7 |
_aFICTION / Mystery & Detective / Women Sleuths. _2bisacsh |
|
| 650 | 7 |
_aFICTION / Thrillers. _2bisacsh |
|
| 655 | 7 |
_aMystery fiction. _2gsafd |
|
| 655 | 7 |
_aSuspense fiction. _2gsafd |
|
| 856 | 4 | 2 |
_3Cover image _uhttp://www.netread.com/jcusers2/bk1388/210/9781250041210/image/lgcover.9781250041210.jpg |
| 906 |
_a7 _bcbc _corignew _d1 _eecip _f20 _gy-gencatlg |
||
| 942 |
_2lcc _cFM _n0 |
||
| 999 |
_c604 _d604 |
||